| Tag |
First Indicator |
Second Indicator |
Subfields |
| LEADER |
00000cam a22000004a 4500 |
| 001 |
in00002455439 |
| 005 |
20151110094111.0 |
| 008 |
080915s2009 riua b 100 0 eng |
| 010 |
|
|
|a 2008040610
|
| 020 |
|
|
|a 9780821844601 (alk. paper)
|
| 020 |
|
|
|a 0821844601 (alk. paper)
|
| 035 |
|
|
|a (OCoLC)ocn254529394
|
| 035 |
|
|
|a (OCoLC)254529394
|
| 040 |
|
|
|a DLC
|c DLC
|d YDXCP
|d BTCTA
|d IOG
|d C#P
|d UtOrBLW
|
| 049 |
|
|
|a TXAM
|
| 050 |
0 |
4 |
|a QA320
|b .F86 2007
|
| 082 |
0 |
0 |
|a 515/.7
|2 22
|
| 111 |
2 |
|
|a Functional Analysis and Complex Analysis (Conference)
|d (2007 :
|c Sabancı University)
|
| 245 |
1 |
0 |
|a Functional analysis and complex analysis :
|b Functional Analysis and Complex Analysis, September 17-21, 2007, Sabancı University, İstanbul, Turkey /
|c Aydın Aytuna [and others], editors.
|
| 264 |
|
1 |
|a Providence, R.I. :
|b American Mathematical Society,
|c [2009]
|
| 264 |
|
4 |
|c ©2009
|
| 300 |
|
|
|a x, 196 pages :
|b illustrations ;
|c 26 cm.
|
| 336 |
|
|
|a text
|b txt
|2 rdacontent
|
| 337 |
|
|
|a unmediated
|b n
|2 rdamedia
|
| 338 |
|
|
|a volume
|b nc
|2 rdacarrier
|
| 490 |
1 |
|
|a Contemporary mathematics,
|v 481
|
| 504 |
|
|
|a Includes bibliographical references.
|
| 650 |
|
0 |
|a Functional analysis
|v Congresses.
|
| 650 |
|
0 |
|a Functions of complex variables
|v Congresses.
|
| 700 |
1 |
|
|a Aytuna, A.
|q (Aydin)
|
| 830 |
|
0 |
|a Contemporary mathematics (American Mathematical Society) ;
|v v. 481.
|
| 938 |
|
|
|a YBP Library Services
|b YANK
|n 2935061
|
| 938 |
|
|
|a Baker and Taylor
|b BTCP
|n BK0008211697
|
| 945 |
|
|
|a PromptCat
|b 680908
|
| 946 |
|
|
|a stk
|
| 947 |
|
|
|a A14839829763
|
| 994 |
|
|
|a 92
|b TXA
|
| 948 |
|
|
|a cataloged
|b h
|d 2009/4/22
|h c
|e asalazar
|f 12:58:23 pm
|
| 999 |
|
|
|a MARS
|
| 999 |
f |
f |
|s b25cda42-10f3-35cd-b6db-14f1da44aecf
|i 29cbb9d0-55a8-3ae4-882d-7024e547c8e7
|t 0
|
| 952 |
f |
f |
|p ric
|a Texas A&M University
|b Rellis Campus
|c Joint Library Facility
|d Remote Storage
|t 0
|e QA320 .F86 2007
|h Library of Congress classification
|i unmediated -- volume
|m A14839829763
|
| 998 |
f |
f |
|a QA320 .F86 2007
|t 0
|l Remote Storage
|